Biggest Country By Continent - Statistics

General Stats
  • This quiz has been taken 71 times
  • The average score is 6 of 6
Answer Stats
Hint Answer % Correct
Australia
98%
Brazil
98%
Canada
98%
Algeria
94%
China
94%
Ukraine
79%
No matching quizzes found
Score Distribution
Percent of People with Each Score
Percentile by Number Answered
Your Score History
You have not taken this quiz